00640nam a2200229Ia 4500001000600000003000900006008004100015040001300056040001300069041001300082100001500095100002900110245001500139245005800154250001100212260001100223260001300234260004900247300005600296650002700352650003100379 2704IT-RoPAU130308s9999 xx 000 0 und d aIT-RoPAU cIT-RoPAU aITALIANO aBond Diane gCodice Aut. SPICS: 9019 aDisse essa bCi vediamo Mercoledi'-Gli Altri giorni ci Immaginiamo a1a ed. aMILANO bMazzotta c1978 [1° Ed.:1978 - Ed.Ling.Originale:1978] a"10 p. (prefazione: no ; testo: 10 [pagine: 6-15])" aLINGUAGGIO FOTOGRAFICO eCodice materia Spics: 6754